000 00791nam a2200253Ia 4500
003 OSt
005 20220918220641.0
006 a|||||r|||| 00| 0
007 ta
008 220917b |||||||| |||| 00| 0 eng d
024 _a146,640
037 _cTextual
040 _aARTS
_cARTS
_beng
041 _2eng
_aeng
082 _aXv1-591.N1, N4
100 _aInalcik Halil ed
_9137990
245 0 _aEconomic and social history of the Outtoman empire,1300-1914 edited by Halil Inalcik and Donald Quataert
260 _aCambridge
_bCambridge University Press
_c1994
300 _axxxi,1026p.
_ccm.
650 _aECONOMICS
700 _a Quatert Donald ed
_9137991
942 _hXv1-591.N1, N4
_cTEXL
_2CC
999 _c269396
_d269396